| 000 | 01938nam0a22004091 4500 | ||
|---|---|---|---|
| 001 | rc\2134455 | ||
| 005 | 20260406162908.0 | ||
| 035 | _a(NLR Aleph) 009035735 | ||
| 090 |
_a9518555 _c9518555 |
||
| 100 | _a20110826d1978 |||y0rusy50 ca | ||
| 101 | 1 |
_arus _ceng |
|
| 102 | _aRU | ||
| 105 | _aa z |||a| | ||
| 200 | 1 |
_aАмериканская трагедия _eРоман _fТеодор Драйзер _gПер. с англ. [З. Вершининой и Н. Галь] _g[Вступ. статья и примеч. Я. Засурского _gИл. В. Горяева] |
|
| 210 |
_aМосква _cХудож. лит. _d1978 |
||
| 215 |
_a783 с., 9 л. ил. _d21 |
||
| 225 | 1 |
_aБиблиотека классики _iЗарубежная литература |
|
| 300 | _aРедкол. сер.: Алексеев М.П. и др. | ||
| 606 |
_aСуд в США (х. л.) _2psbo |
||
| 606 |
_aБуржуазия в США (х. л.) _2psbo |
||
| 607 |
_aСША (х. л.) _z20 в. _2psbo |
||
| 686 |
_aШ5(7США)61-644 _2rubbk |
||
| 686 |
_aЩ897.56(2)Горяев,В. _2rubbk |
||
| 700 | 1 |
_7ca _8rus _aДрайзер _bТ. _f1871-1945 _gТеодор _9113591 _3RU\NLR\AUTH\773596 |
|
| 702 | 1 |
_4440 _7ca _8rus _aГоряев _bВ. Н. _cхудожник _f1910-1982 _gВиталий Николаевич _9103068 _3RU\NLR\AUTH\77120143 |
|
| 702 | 1 |
_4212 _4080 _7ca _8rus _aЗасурский _bЯ. Н. _f1929-2021 _gЯсен Николаевич _9115778 _3RU\NLR\AUTH\775819 |
|
| 702 | 1 |
_4730 _7ca _8rus _aГаль _bН. _f1912-1991 _gНора _9119533 _3RU\NLR\AUTH\779722 |
|
| 702 | 1 |
_4730 _7ca _8rus _aВершинина _bЗ. А. _f1873-1942 _gЗинаида Андреевна _9103064 _3RU\NLR\AUTH\77120139 |
|
| 801 | 0 |
_aRU _bNLR _gpsbo |
|
| 801 | 1 |
_aRU _bELAR _2rusmarc |
|
| 801 | 2 |
_aRU _bNLR _c20130208 _2rusmarc |
|
| 852 |
_aNLR _j78-3/9901 |
||
| 899 |
_aRuMoRGB _jБ 78-46/322 |
||
| 899 |
_aRuMoRGB _jБ 78-46/323 |
||
| 942 | _cBOOK | ||
| 980 | _aNB | ||